MARC

LEADER 00000nam0a2200000 4500
001 67991
005 20231031074408.0
035 |a (RuTPU)RU\TPU\book\72390 
090 |a 67991 
100 |a 20040928d1985 k y0rusy50 ca 
101 0 |a rus 
102 |a RU 
105 |a y z 001zy 
200 1 |a Основы науковедения  |f Академия Наук СССР; Институт истории естествознания и техники им. С. С. Вавилова; Под ред. Н. Стефанова; Н. Яхиела; Я. Фаркаша; Г. Кребера; И. Малецкого;С. Микулинского 
210 |a Москва  |c Наука  |d 1985 
215 |a 431 с.  |c ил. 
320 |a Библиогр.: с. 386-418 
320 |a Предметный указатель: с. 419-428 
610 1 |a науковедение 
610 1 |a методы 
610 1 |a задачи 
610 1 |a научная деятельность 
610 1 |a личность 
610 1 |a коллективы 
610 1 |a научный потенциал 
610 1 |a развитие 
610 1 |a управление 
610 1 |a научно-технические связи 
686 |a Ч21  |v LBC/SL-A  |2 rubbk 
702 1 |a Стефанов  |b Н.  |4 340 
702 1 |a Яхиел  |b Н.  |4 340 
702 1 |a Фаркаш  |b Я.  |4 340 
702 1 |a Кребер  |b Г.  |4 340 
702 1 |a Малецкий  |b И.  |4 340 
702 1 |a Микулинский  |b С.  |4 340 
712 0 2 |a Академия наук СССР  |b Институт истории естествознания и техники им. С. И. Вавилова (ИИЕТ АН СССР)  |c (Москва)  |2 stltpush  |3 (RuTPU)RU\TPU\col\8662 
801 1 |a RU  |b 63413507  |c 20040928  |g PSBO 
801 2 |a RU  |b 63413507  |c 20160202  |g PSBO 
942 |c BK